| 000 | 01011nam a22002177a 4500 | ||
|---|---|---|---|
| 999 |
_c63482 _d63482 |
||
| 005 | 20240530110643.0 | ||
| 008 | 171029s2016 ua g 000 0 ara d | ||
| 017 |
_a2015/9040 _bمصر. دار الكتب |
||
| 020 | _a9789773506490 | ||
| 040 |
_aEG-CaGPL _cEG-CaGPL |
||
| 082 | 0 | 4 |
_221 _a953.09\ _bم ت |
| 100 | 0 | _aمحمد حسن العيدروس . | |
| 245 | 1 | 2 |
_aالتاريخ العسكرى العثمانى الاول / _cمحمد حسن العيدروس . _nالجزء الاول _pمن 1281 م الى 1512 م -- _nالجزء الثانى _pمن1512 م الى 1789 م -- _nالجزء الثالث _pمن 1789 م الى 1924 م |
| 250 | _aط.1 | ||
| 260 |
_aالقاهرة : _bدار الكتاب الحديث ، |
||
| 300 |
_a3 جزء ؛ _c24 سم. |
||
| 490 | 0 | _aدار العيدروس للكتاب الحديث : موسوعة التاريخ العسكرى | |
| 650 | 0 | 7 |
_2qrmak _aالامبراطورية العثمانية . |
| 942 |
_2ddc _cBK |
||